| 000 | 00593nam a2200193Ia 4500 | ||
|---|---|---|---|
| 003 | 0100 | ||
| 005 | 20211103093531.0 | ||
| 008 | 130303s9999 xx 000 0 und d | ||
| 020 | _a079140305X | ||
| 040 | _cARRUPELIB | ||
| 050 | _aBD111.W56 1990 | ||
| 100 |
_aRobert. Wood E. _950937 |
||
| 245 | 2 |
_aA path into metaphysics _bphenomenological, hermeneutical, and dialogical studies _c/by Robert Wood E. |
|
| 260 |
_aAlbany: _bStates University of New York Press. _cc1990. |
||
| 300 |
_axviii, 379p.; _c23cm. |
||
| 650 | _aMetaphysics | ||
| 650 | _bPhenomenology | ||
| 942 | 0 | 0 |
_05 _2lcc _cMONOGRAPH |
| 999 |
_c11710 _d11710 |
||